| 000 | 00420nam a22001697a 4500 | ||
|---|---|---|---|
| 999 |
_c6145 _d6143 |
||
| 005 | 20210826140350.0 | ||
| 008 | 200318b xxu||||| |||| 00| 0 eng d | ||
| 020 | _a9788123923598 | ||
| 041 | _aeng | ||
| 100 |
_aNOOIVJ, MALLESHAPPAN _95270 |
||
| 245 | _aTEXTBOOK OF MEDICINAL CHEMISTRY | ||
| 250 | _a1st, ed. 2014 | ||
| 260 |
_aNEW DELHI _bCBS _c2019 |
||
| 300 | _a955;p VIII | ||
| 650 |
_aPHARMACY _96758 |
||
| 942 | _cBK | ||